| 000 | 00548nam a2200205Ia 4500 | ||
|---|---|---|---|
| 005 | 20250508170016.0 | ||
| 008 | 008 250505s9999 xx 000 0 hin d | ||
| 020 | _a978-81-7055-693-0 | ||
| 037 | _aTextual | ||
| 040 |
_aFEDL _beng _cFEDL |
||
| 041 |
_ahin _2hin |
||
| 084 |
_a070, MRI _qFEDL |
||
| 100 |
_aMrigesh Manik _9782700 |
||
| 245 | 0 | _aSamachar- patron ki bhasha | |
| 260 |
_aNew Delhi, India _bVani Prakashan _c2005 |
||
| 300 | _a143p. | ||
| 365 |
_aINR _b475 |
||
| 942 |
_cTEXL _h070, MRI |
||
| 999 |
_c1398650 _d1398650 |
||